1098 1066 1205 1092 1934 1230 1608 1799 1299 1121 1227 1171 1901 1437 1041 1597 1267 1395 1197 1384 1660 1608 1660 1968 1908 1721 1001 1257 1643 1412 1588 1825 1673 1326 1708 1001 1326 1634 1017 1945 1691 1060 1557 1595 1011 1884 1015 1453 1928 1558 1491 1002 1170 1802 1237 1112 1411 1620 1490 1167 1221 1100 1760 1925 1333 1322 1043 1641 1961 1401 1189 1126 1686 1568 1962 1677 1787 1419 1330 1233 1827 1488 1881 1083 1571 1040 1998 1360 1914 1859 1664 1058 1313 1997 1822 1307 1786 1519 1923 BCNSPRNW ULIB Ver.6.0+V

เปลี่ยนเป็นภาษาไทย

Change to English
 แสดงรายละเอียดบรรณานุกรม
  กลับหน้าหลัก

Brief Record : Get Marc (ISO 2709) : E-mail record : QR code < ปิดหน้าต่าง
LEADER : 00000nam 2200000uu 4500
001    13399121176
003     ULIB
008    121108s||||||||th 000 0 tha d
020    ^a9789748460314
050  4 ^aLB1027^bช851ก 2550
100 0  ^aไชย ณ พล อัครศุภเศรษฐ์
245 10 ^aการสร้างสรรค์นวัตการ :^bศักยภาพการแข่งขันสู่โลกอนาคต = Creativity & innovation /^cไชย ณ พล อัครศุภเศรษฐ์
246 31 ^aCreativity & innovation
246 34 ^aการสร้างสรรค์นวัตการ :^bเพื่อศักยภาพการแข่งขันสู่โลกอนาคต
260    ^aกรุงเทพฯ :^bเคล็ดไทย,^c2550
300    ^a135 หน้า :^bภาพประกอบ ;^c21 ซม.
650  7 ^aนวัตกรรมทางเทคโนโลยี
945    ^p199^l0^i15251
995    ^aวิภา
999 ^a ทศพร
รายการนี้ยังไม่มีแท็ก
คุณยังไม่ได้ล็อกอิน คุณสามารถมีกิจกรรมร่วมกับเว็บไซต์ได้ แต่ต้องล็อกอินก่อน ::
  ล็อกอิน

รายการสื่อสารสนเทศ

ลำดับที่ ประเภท เลขเรียก/บาร์โค้ด สถานที่ สถานะ
1. วิทยาศาสตร์การแพทย์ และสุขภาพ
วิทยาศาสตร์การแพทย์ และสุขภาพ
LB1027 ช851ก 2550  
  Barcode: 15251
ห้องสมุดวิทยาเขตสวรรค์ประชารักษ์
►หนังสือทั่วไป
บนชั้น

รายการใกล้เคียง
    ผู้แต่ง [ไชย ณ พล อัครศุภเศรษฐ์]

    หัวเรื่อง [นวัตกรรมทางเทคโนโลยี]

BibComment


ยังไม่เคยถูกคอมเมนท์

คอมเมนท์ทรัพยากรรายการนี้
  คอมเมนท์: การสร้างสรรค์นวั..


 Copyright 2026. Bcnsprnw @Library